L'Exili català als països americans (Record no. 182129)

MARC details
000 -LEADER
campo de control de longitud fija 00625nam a2200169 i 4500
001 - NÚMERO DE CONTROL
campo de control 182129
003 - IDENTIFICADOR DE NÚMERO DE CONTROL
campo de control ES-MaACL
005 - FECHA Y HORA DE LA ÚLTIMA TRANSACCIÓN
campo de control 20230906221532.0
008 - DATOS DE LONGITUD FIJA--INFORMACIÓN GENERAL
campo de control de longitud fija 130619s1992 sp |||| | cat d
100 0# - ENTRADA PRINCIPAL--NOMBRE DE PERSONA
Nombre de persona Esteva Fabregat, Claudio.
9 (RLIN) 48122
245 12 - MENCIÓN DEL TÍTULO
Título L'Exili català als països americans
Resto del título : una perspectiva antropològica /
Mención de responsabilidad, etc. Claudi Esteva Fabregat.
260 ## - PUBLICACIÓN, DISTRIBUCIÓN, ETC.
Lugar de publicación, distribución, etc. [S.l.] :
Nombre del editor, distribuidor, etc. Comissió Amèrica i Catalunya,
Fecha de publicación, distribución, etc. 1992.
300 ## - DESCRIPCIÓN FÍSICA
Extensión P. 227-242 ;
Dimensiones 23 cm.
595 ## -
-- Separata de: IV Jornades d'Estudis Catalano-Americans.
650 #4 - PUNTO DE ACCESO ADICIONAL DE MATERIA--TÉRMINO DE MATERIA
Término de materia o nombre geográfico como elemento de entrada Catalanes-
Subdivisión geográfica América española-
Subdivisión de forma Historia.
9 (RLIN) 152916
852 ## - LOCALIZACIÓN
Ubicación ES-MaACL
Número de control de estantería 2190-F-19
Holdings
Estatus retirado Estado de pérdida Estado de daño No para préstamo Colección Biblioteca de origen Biblioteca actual Ubicación en estantería Fecha de adquisición Fuente de adquisición Total de préstamos Signatura topográfica completa Código de barras Visto por última vez Precio de reemplazo Tipo de ítem Koha
        Colección de folletos Biblioteca del Ateneo de Madrid Biblioteca del Ateneo de Madrid Depósito folletos 19/06/2013     2190-F-19 1191398 23/02/2023 23/02/2023 Folleto